000 00527pab a2200181 454500
008 180718b2003 xxu||||| |||| 00| 0 eng d
100 _aMakhoul, Jihad
245 _aAn ethnographic study of the consequences of social and structgural forces on children: the case of two low-income Beirut suburbs
260 _c2003
300 _ap.249-59.
362 _aOct
650 _aChildren
650 _aYouth
700 _aGhanem, Mary
700 _aGhanem, Dana Abi
773 _aEnvironment and Urbanization
909 _a58818
999 _c58818
_d58818